Lyon - Saint-Etienne 2015-2016 - Statistics

General Stats
  • This quiz has been taken 161 times
  • The average score is 15 of 30
Answer Stats
Answer % Correct
Anthony Lopes
93%
A. Lacazette ³
89%
Stéphane Ruffier
89%
Corentin Tolisso
78%
Loïc Perrin
78%
Maxime Gonalons
67%
Romain Hamouma
66%
Samuel Umtiti
66%
Christophe Jallet
60%
Christophe Galtier
58%
Jordan Ferri
58%
Rafael
57%
Mapou Yanga-Mbiwa
56%
Robert Beric
53%
Mathieu Valbuena
51%
Fabien Lemoine
47%
Florentin Pogba
46%
Jérémy Morel
46%
Hubert Fournier
43%
Sergi Darder
43%
Henri Bedimo
42%
Jérémy Clément
37%
K. Monnet-Paquet
37%
Claudio Beauvue
34%
François Clerc
32%
Nolan Roux
30%
Pierre-Y. Polomat
24%
Vincent Pajot
19%
B. Assou-Ekotto
15%
Valentin Eysseric
10%
No matching quizzes found
Score Distribution
Percent of People with Each Score
Percentile by Number Answered
Your Score History
You have not taken this quiz